COMPREHENSIVE HOMOEOPATHIC MATERIA MEDICA-MIND (Record no. 20455)

MARC details
000 -LEADER
fixed length control field 00326nam a22001457a 4500
003 - CONTROL NUMBER IDENTIFIER
control field SGT
082 ## - DEWEY DECIMAL CLASSIFICATION NUMBER
Classification number 615.1
Item number C01C
100 ## - MAIN ENTRY--PERSONAL NAME
Personal name CHITKARA, H.L.
245 ## - TITLE STATEMENT
Title COMPREHENSIVE HOMOEOPATHIC MATERIA MEDICA-MIND
250 ## - EDITION STATEMENT
Edition statement 4TH
260 ## - PUBLICATION, DISTRIBUTION, ETC. (IMPRINT)
Place of publication, distribution, etc INDIA
Name of publisher, distributor, etc B.JAIN PUB
Year of Publication 2001
300 ## - PAGE DESCRIPTION
No. of Pages 692
650 ## - SUBJECT ADDED ENTRY--TOPICAL TERM
Topical term or geographic name as entry element HOMOEOPATHIC
942 ## - ADDED ENTRY ELEMENTS (KOHA)
Source of classification or shelving scheme Dewey Decimal Classification
Koha item type Books
Holdings
Withdrawn status Lost status Source of classification or shelving scheme Damaged status Not for loan Home library Current library Shelving location Date acquired Vendor Name Cost, normal purchase price SGTU Bill Number Total Checkouts Full call number Accession No. (Barcode) Date last seen Bill Date Koha item type
    Dewey Decimal Classification     Homeopathy Library Homeopathy Library Text Book 08/08/2020 B.JAIN PUB. 399.00 SGTU 147010   615.1 C01C FH1898 08/08/2020 02/09/2016 Books
    Dewey Decimal Classification     Homeopathy Library Homeopathy Library Text Book 08/08/2020 B.JAIN PUB. 399.00 SGTU 147010   615.1 C01C FH1899 08/08/2020 02/09/2016 Books
    Dewey Decimal Classification     Homeopathy Library Homeopathy Library Text Book 08/08/2020 B.JAIN PUB. 399.00 SGTU 147010   615.1 C01C FH1900 08/08/2020 02/09/2016 Books